| 000 | 00354pam a2200157a 44500 | ||
|---|---|---|---|
| 008 | 230405s2012 xxu||||| |||| 00| 0 eng d | ||
| 041 | _aENG | ||
| 100 | _aEssvale | ||
| 245 | _aBusiness Knowledege for IT in Global Retail Bankin | ||
| 250 | _a1 | ||
| 260 |
_a _bSPD _c2012 |
||
| 300 | _a198p,23cm | ||
| 440 | _a500 | ||
| 690 | _aMCA | ||
| 906 | _a7026 | ||
| 999 |
_c259885 _d259885 |
||